[Event "TCh-FRA Top 12 2016"]
[Site "Drancy FRA"]
[Date "2016.05.30"]
[Round "3.1"]
[Board "6"]
[White "Pelletier, Yannick"]
[Black "Degraeve, Jean-Marc"]
[Result "1/2-1/2"]
[WhiteTitle "GM"]
[BlackTitle "GM"]
[WhiteElo "2558"]
[BlackElo "2561"]
[WhiteTeam "BISCHWILLER"]
[BlackTeam "Les Tours de Haute Picardie, SAINT QUENTIN"]
[WhiteFideId "1301837"]
[BlackFideId "600270"]
[EventDate "2016.05.28"]

1. d4 Nf6 2. c4 g6 3. Nc3 Bg7 4. e4 d6 5. Nf3 O-O 6. Be2 c5 7. d5 e6 8. O-O exd5
9. exd5 Bg4 10. h3 Bxf3 11. Bxf3 Nbd7 12. Bf4 Ne8 13. Qd2 Ne5 14. Be2 f5 15. Be3
Qd7 16. f4 Nf7 17. Bd3 Nc7 18. Rfe1 a6 19. a4 a5 20. Bf2 Rfe8 21. b3 Rxe1+ 22.
Rxe1 Re8 23. g3 Rxe1+ 24. Qxe1 b6 25. Kg2 Kf8 26. Kf3 h5 27. Bb1 Qe7 28. Qxe7+
Kxe7 29. Ne2 Nh6 30. Nc1 Ne8 31. Nd3 Bc3 32. Be3 Nf6 33. Nf2 Be1 34. Nd3 Bc3 35.
Nf2 Be1 36. Nd3 Bc3 37. Nc1 Bb2 38. Ne2 Kf7 39. Bd2 Ke7 40. Be1 Kf7 41. Bd3 Ke7
42. Ke3 Nd7 43. Kd2 Bf6 44. Ng1 Kf7 45. Nf3 Kg7 46. Bc2 Kf8 47. Ke2 Ke7 48. Bf2
Kf8 49. Kd3 Ke7 50. Bd1 Nb8 51. Nh2 Nd7 52. Be3 Bg7 53. g4 hxg4 54. hxg4 fxg4
55. Bxg4 Nxg4 56. Nxg4 Nf6 57. Nf2 Nh5 58. Ke4 Ng3+ 59. Kf3 Nf5 60. Ne4 Bf6 61.
Bf2 Kf7 62. Kg4 Ke7 63. Be1 Ne3+ 64. Kf3 Nf5 65. Kg4 Ne3+ 66. Kf3 Nf5 67. Bc3
Bxc3 68. Nxc3 Nd4+ 69. Kg4 Nxb3 70. Kg5 Nd2 71. Kxg6 Nxc4 1/2-1/2

[Event "TCh-FRA Top 12 2016"]
[Site "Drancy FRA"]
[Date "2016.05.30"]
[Round "3.1"]
[Board "7"]
[White "Cappon, John"]
[Black "Le Roux, Jean-Pierre"]
[Result "0-1"]
[BlackTitle "GM"]
[WhiteElo "2239"]
[BlackElo "2549"]
[WhiteTeam "Les Tours de Haute Picardie, SAINT QUENTIN"]
[BlackTeam "BISCHWILLER"]
[WhiteFideId "608459"]
[BlackFideId "609404"]
[EventDate "2016.05.28"]

1. e4 g6 2. d4 Bg7 3. Nc3 d6 4. Bg5 a6 5. Qd2 b5 6. f4 Nd7 7. Nf3 Ngf6 8. e5 b4
9. exf6 bxc3 10. Qxc3 Nxf6 11. Bd3 O-O 12. Qd2 Rb8 13. c3 c5 14. O-O cxd4 15.
Nxd4 Qb6 16. Kh1 Qxb2 17. Qe1 Bb7 18. Rf2 Qb6 19. f5 Qc5 20. Nb3 Qc7 21. Rc1 Ng4
22. Re2 Ne5 23. Bb1 Bf6 24. Bxf6 exf6 25. c4 Rbc8 26. Rc3 Rfe8 27. Nd2 Qc5 28.
Be4 d5 29. Rb3 dxe4 30. Rxb7 Nd3 31. Qg3 Qxf5 32. Rb3 Re5 33. h3 Rce8 34. Kh2
Nc1 35. Rf2 Qg5 36. Qe3 Nxb3 0-1

[Event "TCh-FRA Top 12 2016"]
[Site "Drancy FRA"]
[Date "2016.05.30"]
[Round "3.1"]
[Board "8"]
[White "Maisuradze, Nino"]
[Black "Wolfangel, Jocelyne"]
[Result "1-0"]
[WhiteTitle "WGM"]
[WhiteElo "2239"]
[BlackElo "1347"]
[WhiteTeam "BISCHWILLER"]
[BlackTeam "Les Tours de Haute Picardie, SAINT QUENTIN"]
[WhiteFideId "13601717"]
[BlackFideId "689092"]
[EventDate "2016.05.28"]

1. d4 d5 2. Nf3 Nf6 3. c4 c6 4. Nc3 e6 5. e3 Nbd7 6. Qc2 Be7 7. Bd3 dxc4 8. Bxc4
O-O 9. O-O Re8 10. e4 Nf8 11. Rd1 Qc7 12. e5 Nd5 13. Ne4 Ng6 14. Bg5 b5 15. Bxe7
bxc4 16. Bd6 Qb6 17. Bc5 Qa5 18. Nd6 Rd8 19. Nxc4 Qb5 20. Nd6 Qa6 21. Ng5 Rd7
22. Rd3 Ndf4 23. Re3 h6 24. Nge4 Nd5 25. Ra3 1-0

[Event "TCh-FRA Top 12 2016"]
[Site "Drancy FRA"]
[Date "2016.05.30"]
[Round "3.2"]
[Board "1"]
[White "Kogan, Arthur"]
[Black "Hauchard, Arnaud"]
[Result "1-0"]
[WhiteTitle "GM"]
[BlackTitle "GM"]
[WhiteElo "2528"]
[BlackElo "2544"]
[WhiteTeam "Cavalier Bleu DRANCY"]
[BlackTeam "EVRY Grand Roque"]
[WhiteFideId "2800802"]
[BlackFideId "600113"]
[EventDate "2016.05.28"]

1. e4 d5 2. exd5 Qxd5 3. Nc3 Qd6 4. d4 Nf6 5. Nf3 g6 6. Nb5 Qb6 7. c4 c6 8. Nc3
Bg4 9. c5 Qc7 10. Bc4 Bxf3 11. Qxf3 Bg7 12. O-O O-O 13. Bf4 Qd7 14. Rfd1 Na6 15.
d5 Nb4 16. d6 e6 17. Be5 Nbd5 18. b4 Qd8 19. Ne2 Nd7 20. Bxg7 Kxg7 21. Bxd5 exd5
22. Nd4 Qf6 23. Qxf6+ Kxf6 24. Rac1 Rac8 25. Re1 Rfe8 26. f4 Nf8 27. g4 g5 28.
fxg5+ Kxg5 29. h3 h5 30. Rxe8 Rxe8 31. Rf1 Ne6 32. Rf5+ Kh4 33. Rxh5+ Kg3 34.
Re5 Kxh3 35. g5 Rg8 36. Rxe6 Rxg5+ 37. Kf1 fxe6 38. d7 Rg8 39. Nxe6 Kg3 40. Ke2
Rg6 1-0

[Event "TCh-FRA Top 12 2016"]
[Site "Drancy FRA"]
[Date "2016.05.30"]
[Round "3.2"]
[Board "2"]
[White "Fedorchuk, Sergey A."]
[Black "Bijaoui, Manuel"]
[Result "1/2-1/2"]
[WhiteTitle "GM"]
[BlackTitle "IM"]
[WhiteElo "2626"]
[BlackElo "2406"]
[WhiteTeam "EVRY Grand Roque"]
[BlackTeam "Cavalier Bleu DRANCY"]
[WhiteFideId "14102536"]
[BlackFideId "626783"]
[EventDate "2016.05.28"]

1. e4 c5 2. Nf3 d6 3. d4 cxd4 4. Nxd4 Nf6 5. Nc3 a6 6. h3 e6 7. g4 d5 8. Nde2
Nc6 9. exd5 Nxd5 10. Nxd5 Qxd5 11. Qxd5 exd5 12. Be3 Nb4 13. Kd2 h5 14. gxh5
Rxh5 15. Bg2 Be6 16. Nd4 Nc6 17. Nxe6 fxe6 18. c3 Ne5 19. b3 O-O-O 20. f4 Nc6
21. Bf3 Rf5 22. Bg4 Rf6 23. Bb6 Re8 24. Rhf1 g6 25. Kc2 Bd6 26. Rad1 Kb8 27.
Rfe1 Re7 28. Re2 Bxf4 29. Bc5 Rc7 30. Bb6 Re7 31. Bc5 Rc7 32. Bb6 Re7 33. Bc5
Rc7 34. Bb6 Re7 1/2-1/2

[Event "TCh-FRA Top 12 2016"]
[Site "Drancy FRA"]
[Date "2016.05.30"]
[Round "3.2"]
[Board "3"]
[White "Chabanon, Jean-Luc"]
[Black "Moussard, Jules"]
[Result "0-1"]
[WhiteTitle "GM"]
[BlackTitle "IM"]
[WhiteElo "2452"]
[BlackElo "2506"]
[WhiteTeam "Cavalier Bleu DRANCY"]
[BlackTeam "EVRY Grand Roque"]
[WhiteFideId "600075"]
[BlackFideId "642908"]
[EventDate "2016.05.28"]

1. e4 c5 2. Nf3 d6 3. d4 cxd4 4. Qxd4 a6 5. c4 Nc6 6. Qe3 Nf6 7. Nc3 g6 8. h3
Bg7 9. Be2 O-O 10. O-O Nd7 11. Rd1 Nc5 12. Rb1 f5 13. b4 Nxe4 14. Nxe4 fxe4 15.
Ng5 e5 16. Qxe4 Nd4 17. Qd5+ Kh8 18. Rb2 Qc7 19. c5 dxc5 20. bxc5 h6 21. Ne4 Be6
22. Qd6 Qf7 23. Qb6 Bxa2 24. Bd3 Bd5 25. Nd6 Qe6 26. Be4 Bc6 27. Be3 a5 28. Bxc6
bxc6 29. Qc7 a4 30. Rb7 Qg8 31. Bxd4 exd4 32. Re1 Rfb8 33. Re7 Rxb7 34. Qxb7 Rb8
35. Qd7 a3 36. Nf7+ Kh7 37. Qe6 d3 38. f4 Qc8 39. Ng5+ hxg5 40. Qf6 0-1

[Event "TCh-FRA Top 12 2016"]
[Site "Drancy FRA"]
[Date "2016.05.30"]
[Round "3.2"]
[Board "4"]
[White "Relange, Eloi"]
[Black "Petkov, Vladimir"]
[Result "1/2-1/2"]
[WhiteTitle "GM"]
[BlackTitle "GM"]
[WhiteElo "2464"]
[BlackElo "2493"]
[WhiteTeam "EVRY Grand Roque"]
[BlackTeam "Cavalier Bleu DRANCY"]
[WhiteFideId "600822"]
[BlackFideId "2901188"]
[EventDate "2016.05.28"]

1. d4 Nf6 2. c4 e6 3. Nf3 d5 4. Nc3 Nbd7 5. Bf4 dxc4 6. e3 a6 7. a4 Bd6 8. Bxd6
cxd6 9. Bxc4 O-O 10. O-O d5 11. Bd3 b6 12. a5 Bb7 13. Qb3 b5 14. Qa3 Rc8 15.
Rfc1 Nb8 16. Na2 Rxc1+ 17. Nxc1 Nc6 18. Nb3 Nd7 19. Rc1 Qb8 20. Bb1 Rc8 21. h3
g6 22. Ba2 Nf6 23. Nc5 Ne8 24. Nd7 1/2-1/2

[Event "TCh-FRA Top 12 2016"]
[Site "Drancy FRA"]
[Date "2016.05.30"]
[Round "3.2"]
[Board "5"]
[White "Komarov, Dimitri"]
[Black "Bergez, Luc"]
[Result "1/2-1/2"]
[WhiteTitle "GM"]
[BlackTitle "IM"]
[WhiteElo "2506"]
[BlackElo "2342"]
[WhiteTeam "Cavalier Bleu DRANCY"]
[BlackTeam "EVRY Grand Roque"]
[WhiteFideId "14101270"]
[BlackFideId "606600"]
[EventDate "2016.05.28"]

1. d4 Nf6 2. Nf3 g6 3. c4 Bg7 4. Nc3 O-O 5. e4 d6 6. Be2 e5 7. O-O exd4 8. Nxd4
Re8 9. f3 c6 10. Kh1 Nbd7 11. Bg5 Qb6 12. Nb3 a5 13. Qd2 a4 14. Be3 Qd8 15. Nd4
Nc5 16. Nc2 Nfd7 17. Rab1 Be5 18. Bg5 Qa5 19. Bh6 Qd8 20. Bg5 Qa5 21. Bh6 Qd8
22. Bg5 1/2-1/2

[Event "TCh-FRA Top 12 2016"]
[Site "Drancy FRA"]
[Date "2016.05.30"]
[Round "3.2"]
[Board "6"]
[White "Leroy, Didier"]
[Black "Todorov, Todor"]
[Result "0-1"]
[WhiteTitle "IM"]
[BlackTitle "GM"]
[WhiteElo "2289"]
[BlackElo "2494"]
[WhiteTeam "EVRY Grand Roque"]
[BlackTeam "Cavalier Bleu DRANCY"]
[WhiteFideId "610950"]
[BlackFideId "2903237"]
[EventDate "2016.05.28"]

1. e4 d5 2. exd5 Qxd5 3. Nc3 Qa5 4. d4 Nf6 5. Bc4 c6 6. Bd2 Qc7 7. Nf3 Bg4 8. h3
Bxf3 9. Qxf3 e6 10. O-O-O Nbd7 11. g4 Nb6 12. Bb3 a5 13. a3 a4 14. Ba2 Nbd5 15.
Rhe1 Nxc3 16. Qxc3 Bd6 17. g5 Nd5 18. Qf3 Ne7 19. c4 Ng6 20. Re4 c5 21. d5 e5
22. Bb1 Qd7 23. h4 O-O-O 24. Rde1 Nf4 25. Bc2 h6 26. Qd1 Qh3 27. Bxf4 exf4 28.
Rh1 Qg2 29. f3 Rde8 30. gxh6 gxh6 31. Rxe8+ Rxe8 32. Rg1 Qf2 33. Rf1 Qxh4 34.
Be4 Qh3 35. Rh1 Qg2 36. Rg1 Qf2 37. Rf1 Qe3+ 38. Kb1 Kb8 39. Qxa4 Rxe4 40. fxe4
Qd3+ 41. Ka2 Qxf1 42. e5 Bxe5 43. Qe8+ Ka7 44. Qa4+ Kb6 45. Qb5+ Kc7 46. Qxc5+
Kd7 47. Qb4 Qe2 48. Qxb7+ Ke8 49. Qc6+ Ke7 50. Qb7+ Kf6 51. Qa6+ Kg7 52. Kb3 f3 0-1

[Event "TCh-FRA Top 12 2016"]
[Site "Drancy FRA"]
[Date "2016.05.30"]
[Round "3.2"]
[Board "7"]
[White "Karr, Jean-Philippe"]
[Black "Milliet, Sophie"]
[Result "1/2-1/2"]
[WhiteTitle "IM"]
[BlackTitle "IM"]
[WhiteElo "2366"]
[BlackElo "2346"]
[WhiteTeam "Cavalier Bleu DRANCY"]
[BlackTeam "EVRY Grand Roque"]
[WhiteFideId "612227"]
[BlackFideId "623725"]
[EventDate "2016.05.28"]

1. d4 Nf6 2. c4 e6 3. g3 d5 4. Nf3 dxc4 5. Bg2 Bd7 6. Ne5 Nc6 7. Nxc4 Bb4+ 8.
Nc3 Nd5 9. Bd2 Nb6 10. Nxb6 axb6 11. d5 exd5 12. Nxd5 Bxd2+ 13. Qxd2 O-O 14. O-O
Be6 15. Rfd1 Ne7 16. Nf4 Qxd2 17. Rxd2 Bc8 18. a3 c6 19. h4 Ng6 20. Nxg6 hxg6
21. Rd4 Be6 22. Rad1 Rfe8 23. e4 b5 24. f4 Bg4 25. R1d2 Ra4 26. e5 Rxd4 27. Rxd4
Kf8 28. Be4 Ke7 29. Kf2 Rh8 30. Ke3 Bf5 31. Bf3 Be6 32. Kd2 f6 33. exf6+ gxf6
34. Kc3 g5 35. fxg5 fxg5 36. Re4 Kd6 37. Rd4+ Ke7 38. Re4 Kd6 39. Rd4+ Ke5 1/2-1/2

[Event "TCh-FRA Top 12 2016"]
[Site "Drancy FRA"]
[Date "2016.05.30"]
[Round "3.2"]
[Board "8"]
[White "Justo, Damian"]
[Black "Roumegous, Marina"]
[Result "0-1"]
[WhiteTitle "FM"]
[BlackTitle "WIM"]
[WhiteElo "2325"]
[BlackElo "2117"]
[WhiteTeam "EVRY Grand Roque"]
[BlackTeam "Cavalier Bleu DRANCY"]
[WhiteFideId "101168"]
[BlackFideId "620416"]
[EventDate "2016.05.28"]

1. d4 e6 2. c4 Nf6 3. g3 Bb4+ 4. Bd2 a5 5. Bg2 Nc6 6. e4 e5 7. dxe5 Nxe5 8. Qc2
d6 9. h3 Qe7 10. Ne2 O-O 11. O-O Bxd2 12. Nxd2 Ned7 13. Nb3 a4 14. Nbd4 Nc5 15.
Nc3 c6 16. Rad1 Ne8 17. Rfe1 g6 18. f4 f6 19. b4 axb3 20. axb3 Ne6 21. Nf3 N6g7
22. Kh2 Qc7 23. Na4 Be6 24. c5 Rd8 25. cxd6 Nxd6 26. Nc5 Bf7 27. Nd4 Nb5 28. Nf3
Ne6 29. Nxe6 Bxe6 30. Qb2 Qf7 31. b4 Qe7 32. Bf1 Nc7 33. Nd4 Bf7 34. Qc3 Ne6 35.
Nf3 Nc7 36. g4 Rxd1 37. Rxd1 Qxe4 38. Rd4 Qe7 39. g5 Nd5 40. Qd2 Re8 41. gxf6
Qxf6 42. Ne5 Rxe5 43. fxe5 Qxf1 44. h4 Be6 45. Qg2 Qxg2+ 46. Kxg2 Kf7 47. Kf3 b5
48. Ke2 Bf5 49. Ke1 0-1

[Event "TCh-FRA Top 12 2016"]
[Site "Drancy FRA"]
[Date "2016.05.30"]
[Round "3.3"]
[Board "1"]
[White "Navara, David"]
[Black "Krasenkow, Michal"]
[Result "1-0"]
[WhiteTitle "GM"]
[BlackTitle "GM"]
[WhiteElo "2735"]
[BlackElo "2610"]
[WhiteTeam "MULHOUSE Philidor"]
[BlackTeam "L'Echiquier Chalonnais, CHALONS-EN-CHAMPAGNE"]
[WhiteFideId "309095"]
[BlackFideId "1113100"]
[EventDate "2016.05.28"]

1. Nf3 c5 2. e4 Nc6 3. Nc3 e6 4. d4 cxd4 5. Nxd4 Nf6 6. a3 d5 7. Bb5 Bd7 8. exd5
exd5 9. O-O Be7 10. Re1 O-O 11. Bg5 Re8 12. Qd3 h6 13. Bh4 Rc8 14. Rad1 Nxd4 15.
Bxd7 Nxd7 16. Bxe7 Rxe7 17. Qxd4 Nb6 18. b3 Qe8 19. Kf1 Re6 20. Nxd5 Rxc2 21.
Nxb6 axb6 22. Rxe6 Qxe6 23. Qd8+ Kh7 24. Qd3+ Qg6 25. Qxg6+ fxg6 26. Rd6 b5 27.
Rb6 Ra2 28. Rxb5 Rxa3 29. h4 g5 30. h5 g4 31. Ke2 Ra6 32. Rxb7 Re6+ 33. Kd3 Rf6
34. Rb4 Rxf2 35. Rxg4 Rf5 36. b4 Rxh5 37. Kc4 Rf5 38. b5 h5 39. Rg3 h4 40. Rb3
Rf4+ 41. Kd5 Rf5+ 42. Ke4 Rf8 43. b6 g5 44. b7 Rb8 45. Kd5 Kg6 46. Kc6 Kf5 47.
Kc7 Rh8 48. b8=Q Rxb8 49. Kxb8 Kf4 50. Kc7 g4 51. Kd6 g3 52. Ke6 h3 53. Rb4+ 1-0

[Event "TCh-FRA Top 12 2016"]
[Site "Drancy FRA"]
[Date "2016.05.30"]
[Round "3.3"]
[Board "2"]
[White "Salgado Lopez, Ivan"]
[Black "Bluebaum, Matthias"]
[Result "1-0"]
[WhiteTitle "GM"]
[BlackTitle "GM"]
[WhiteElo "2618"]
[BlackElo "2633"]
[WhiteTeam "L'Echiquier Chalonnais, CHALONS-EN-CHAMPAGNE"]
[BlackTeam "MULHOUSE Philidor"]
[WhiteFideId "2257327"]
[BlackFideId "24651516"]
[EventDate "2016.05.28"]

1. e4 e6 2. d4 d5 3. Nc3 Nf6 4. e5 Nfd7 5. f4 c5 6. Nf3 Be7 7. Be3 b6 8. h4 Nc6
9. Bb5 Qc7 10. Qd2 a6 11. Bxc6 Qxc6 12. f5 exf5 13. dxc5 Nxc5 14. Nxd5 Bd8 15.
O-O-O Ne4 16. Nb4 Qc7 17. Qd3 Be6 18. Nd4 Nc5 19. Qc3 O-O 20. Nxe6 Nxe6 21. Qxc7
Bxc7 22. Nd5 Bxe5 23. Nxb6 Rad8 24. Nd7 Bd4 25. Bxd4 Rxd7 26. Be3 Rfd8 27. Rxd7
Rxd7 28. Rd1 Rxd1+ 29. Kxd1 Kf8 30. b4 Ke7 31. a4 Kd6 32. c4 f4 33. Bf2 h6 34.
b5 axb5 35. cxb5 Kd5 36. a5 Nc7 37. b6 Na6 38. Ke2 g5 39. h5 f5 40. Be1 Kc4 41.
b7 Kb5 42. Bc3 1-0

[Event "TCh-FRA Top 12 2016"]
[Site "Drancy FRA"]
[Date "2016.05.30"]
[Round "3.3"]
[Board "3"]
[White "Sokolov, Andrei1"]
[Black "Cossin, Sebastien"]
[Result "1/2-1/2"]
[WhiteTitle "GM"]
[BlackTitle "IM"]
[WhiteElo "2528"]
[BlackElo "2514"]
[WhiteTeam "MULHOUSE Philidor"]
[BlackTeam "L'Echiquier Chalonnais, CHALONS-EN-CHAMPAGNE"]
[WhiteFideId "627089"]
[BlackFideId "618802"]
[EventDate "2016.05.28"]

1. e4 c5 2. Nf3 d6 3. d4 cxd4 4. Nxd4 Nf6 5. Nc3 a6 6. Be2 e5 7. Nb3 Be7 8. Bg5
Be6 9. Bxf6 Bxf6 10. Qd3 O-O 11. O-O-O Nc6 12. Qxd6 Bg5+ 13. Kb1 Bxb3 14. axb3
Qb6 15. Rhf1 Rad8 16. Nd5 Rxd6 17. Nxb6 Rh6 18. Nd7 Rd8 19. h3 Nd4 20. Bg4 f5
21. exf5 Rxd7 22. c3 Rhd6 23. cxd4 Rxd4 24. Rxd4 Rxd4 25. Rd1 Rxd1+ 26. Bxd1 Be7
27. Bf3 1/2-1/2

[Event "TCh-FRA Top 12 2016"]
[Site "Drancy FRA"]
[Date "2016.05.30"]
[Round "3.3"]
[Board "4"]
[White "Velten, Paul"]
[Black "Heimann, Andreas"]
[Result "1-0"]
[WhiteTitle "IM"]
[BlackTitle "IM"]
[WhiteElo "2469"]
[BlackElo "2578"]
[WhiteTeam "L'Echiquier Chalonnais, CHALONS-EN-CHAMPAGNE"]
[BlackTeam "MULHOUSE Philidor"]
[WhiteFideId "681091"]
[BlackFideId "24624632"]
[EventDate "2016.05.28"]

1. d4 Nf6 2. c4 e6 3. Nf3 b6 4. a3 Ba6 5. Qc2 Bb7 6. Nc3 c5 7. e4 cxd4 8. Nxd4
Bc5 9. Nb3 Nc6 10. Bd3 Be7 11. Bf4 d6 12. Rd1 Qb8 13. O-O O-O 14. Be2 Ne5 15.
Bg3 Rc8 16. Nd2 a6 17. f4 Ned7 18. Kh1 Bc6 19. Nb3 Qb7 20. Bf3 Nc5 21. Nxc5 dxc5
22. e5 Bxf3 23. Rxf3 Nh5 24. f5 Rd8 25. Rdf1 Rd4 26. f6 Bf8 27. fxg7 Bxg7 28.
Rxf7 Qxf7 29. Rxf7 Nxg3+ 30. hxg3 Kxf7 31. Qe2 Ke7 32. Ne4 Rf8 33. Ng5 Rf5 34.
Nf3 Rd7 35. b4 Ke8 36. Kh2 cxb4 37. axb4 a5 38. c5 bxc5 39. bxa5 Ke7 40. g4 Rf4
41. Kg3 Rb4 42. Qc2 c4 43. Qxh7 Kf8 44. Qg6 c3 45. Qxe6 Rbb7 46. Ng5 Bh8 47.
Qf5+ Kg8 48. Ne6 Rf7 49. Qg6+ Bg7 50. a6 Ra7 51. Nd4 Rfe7 52. Nf5 Rxe5 53. Nh6+
Kh8 54. Nf7+ Rxf7 55. Qxf7 c2 56. a7 Ra5 57. Qe8+ Kh7 58. Qe4+ Kh6 59. Qe3+ Kh7
60. Qd3+ Kh6 61. Qd2+ Kh7 62. Qxc2+ 1-0

[Event "TCh-FRA Top 12 2016"]
[Site "Drancy FRA"]
[Date "2016.05.30"]
[Round "3.3"]
[Board "5"]
[White "Istratescu, Andrei"]
[Black "Letreguilly, Olivier"]
[Result "1-0"]
[WhiteTitle "GM"]
[BlackTitle "FM"]
[WhiteElo "2592"]
[BlackElo "2306"]
[WhiteTeam "MULHOUSE Philidor"]
[BlackTeam "L'Echiquier Chalonnais, CHALONS-EN-CHAMPAGNE"]
[WhiteFideId "1200372"]
[BlackFideId "600997"]
[EventDate "2016.05.28"]

1. e4 c5 2. Nf3 e6 3. c3 Nf6 4. e5 Nd5 5. d4 cxd4 6. cxd4 b6 7. Nc3 Nxc3 8. bxc3
Qc7 9. Be2 Bb7 10. O-O Qxc3 11. Be3 Qa5 12. Nd2 Nc6 13. Nb3 Qa4 14. d5 Nxe5 15.
Bd4 Bxd5 16. Bxe5 Qe4 17. Bf3 Qxe5 18. Re1 Bxf3 19. Qxf3 Qb8 20. Qg4 Qb7 21. Nd4
g6 22. Nb5 Be7 23. h4 O-O 24. h5 a6 25. Nd4 Qd5 26. hxg6 fxg6 27. Rad1 Qh5 28.
Qe4 Bc5 29. Nf3 Rad8 30. Qb7 Qg4 31. Re4 Qg3 32. Re2 Rxf3 33. Qxf3 Qxf3 34. gxf3
Kf7 35. Kg2 Ke7 36. Rc2 Rf8 37. Rc4 d6 38. Ra4 a5 39. Rh4 h5 40. a4 d5 41. Rd3
Bb4 42. f4 Bd6 43. Rb3 Bc5 44. Rg3 Rf6 45. Rf3 Bd6 46. Kf1 Rf8 47. Rg3 Rf6 48.
Rf3 Kd7 49. Ke2 Kc6 50. Rc3+ Bc5 51. Rb3 Bb4 52. Ke3 Rf5 53. Rb2 Be7 54. Rh3
Bc5+ 55. Kf3 Bd6 56. Rh4 e5 57. Ke3 exf4+ 58. Kd3 Bc5 59. Rh1 Re5 60. Re2 Kd6
61. Rg1 Rxe2 62. Kxe2 Bd4 63. Rxg6+ Kc5 64. Rg5 h4 65. Rg4 h3 66. Rxf4 h2 67.
Rh4 Be5 68. Ke3 Bd6 69. f4 d4+ 70. Ke4 Kb4 71. Rxh2 Kxa4 72. Rh6 Bc5 73. f5 Kb3
74. f6 b5 75. Rh5 1-0

[Event "TCh-FRA Top 12 2016"]
[Site "Drancy FRA"]
[Date "2016.05.30"]
[Round "3.3"]
[Board "6"]
[White "Favarel, Antoine"]
[Black "Riff, Jean-Noel"]
[Result "0-1"]
[WhiteTitle "FM"]
[BlackTitle "GM"]
[WhiteElo "2348"]
[BlackElo "2506"]
[WhiteTeam "L'Echiquier Chalonnais, CHALONS-EN-CHAMPAGNE"]
[BlackTeam "MULHOUSE Philidor"]
[WhiteFideId "642371"]
[BlackFideId "611190"]
[EventDate "2016.05.28"]

1. d4 Nf6 2. c4 e6 3. g3 d5 4. Nf3 Bb4+ 5. Bd2 Be7 6. Bg2 O-O 7. O-O c6 8. Qc2
Nbd7 9. Bf4 b6 10. Rd1 Ba6 11. Ne5 Rc8 12. cxd5 Nxd5 13. Nc3 Nxe5 14. dxe5 Qc7
15. Ne4 Nxf4 16. gxf4 Rfd8 17. Rxd8+ Rxd8 18. Rd1 c5 19. Rd2 Bb7 20. Qd1 Rxd2
21. Qxd2 Bd5 22. Nc3 Bxg2 23. Kxg2 Qc6+ 24. f3 b5 25. Ne4 a6 26. e3 h6 27. Kf2
c4 28. Qd4 Qc7 29. Nd6 Qa5 30. f5 Qxa2 31. f6 gxf6 32. Nc8 Ba3 33. Qd8+ Kh7 34.
Qxf6 Qxb2+ 35. Kg3 Kg8 36. Qd8+ Bf8 37. Ne7+ Kg7 38. Nc6 Qb1 39. Qf6+ Kg8 40.
Kf2 0-1

[Event "TCh-FRA Top 12 2016"]
[Site "Drancy FRA"]
[Date "2016.05.30"]
[Round "3.3"]
[Board "7"]
[White "Ider, Borya"]
[Black "Anic, Darko"]
[Result "0-1"]
[WhiteTitle "IM"]
[BlackTitle "GM"]
[WhiteElo "2430"]
[BlackElo "2381"]
[WhiteTeam "MULHOUSE Philidor"]
[BlackTeam "L'Echiquier Chalonnais, CHALONS-EN-CHAMPAGNE"]
[WhiteFideId "4901134"]
[BlackFideId "602612"]
[EventDate "2016.05.28"]

1. d4 Nf6 2. Nf3 e6 3. g3 b6 4. Bg2 Bb7 5. c4 Bb4+ 6. Bd2 Be7 7. Nc3 O-O 8. O-O
d5 9. cxd5 exd5 10. Qa4 c6 11. b4 Nbd7 12. Rfd1 a6 13. Qb3 Bd6 14. a4 Qe7 15. b5
cxb5 16. axb5 a5 17. Ng5 h6 18. Nh3 Qe6 19. Nf4 Bxf4 20. Bxf4 Rfc8 21. Rac1 g5
22. Bd2 Rc4 23. e3 Rac8 24. Bf1 R4c7 25. Qa3 Kg7 26. Be1 Ne8 27. Na4 Nd6 28. Nc5
bxc5 29. Bxa5 Nc4 30. Bxc4 dxc4 31. Qc3 Nf6 32. Bxc7 Rxc7 33. Qxc4 Bd5 34. Qe2
c4 35. e4 Nxe4 36. f3 Nd6 37. Qe5+ Kg8 38. b6 Rb7 39. Ra1 Rxb6 40. Rdb1 Rb3 41.
Qxe6 fxe6 42. f4 g4 43. Re1 Kf7 44. Ra7+ Kf6 45. Rh7 Nf7 46. f5 exf5 0-1

[Event "TCh-FRA Top 12 2016"]
[Site "Drancy FRA"]
[Date "2016.05.30"]
[Round "3.3"]
[Board "8"]
[White "De Seroux, Camille"]
[Black "Richard, Emma"]
[Result "1/2-1/2"]
[WhiteTitle "WFM"]
[BlackTitle "WFM"]
[WhiteElo "2085"]
[BlackElo "2086"]
[WhiteTeam "L'Echiquier Chalonnais, CHALONS-EN-CHAMPAGNE"]
[BlackTeam "MULHOUSE Philidor"]
[WhiteFideId "1305620"]
[BlackFideId "657590"]
[EventDate "2016.05.28"]

1. e4 c5 2. Nf3 Nc6 3. Nc3 d6 4. d4 cxd4 5. Nxd4 e5 6. Nf5 Bxf5 7. exf5 Qd7 8.
Nd5 Nf6 9. Nxf6+ gxf6 10. Bd3 d5 11. f3 Bc5 12. Bh6 Rg8 13. Qd2 O-O-O 14. O-O-O
Nb4 15. Kb1 Kb8 16. g4 Qa4 17. a3 Nc6 18. h3 Nd4 19. Rhf1 Rd6 20. Ka2 Rb6 21.
Rb1 Rc8 22. Qd1 Nc6 23. c3 Qxd1 1/2-1/2

[Event "TCh-FRA Top 12 2016"]
[Site "Drancy FRA"]
[Date "2016.05.30"]
[Round "3.4"]
[Board "1"]
[White "Solodovnichenko, Yuri"]
[Black "Fier, Alexandr"]
[Result "1/2-1/2"]
[WhiteTitle "GM"]
[BlackTitle "GM"]
[WhiteElo "2587"]
[BlackElo "2624"]
[WhiteTeam "VANDOEUVRE Echecs"]
[BlackTeam "Echecs Club MONTPELLIER"]
[WhiteFideId "14104369"]
[BlackFideId "2107139"]
[EventDate "2016.05.28"]

1. e4 c5 2. Nf3 d6 3. d4 cxd4 4. Nxd4 Nf6 5. Nc3 a6 6. Bg5 e6 7. Qe2 h6 8. Bh4
Be7 9. O-O-O Nxe4 10. Nxe4 Bxh4 11. Nxe6 Bxe6 12. Nxd6+ Kf8 13. Nxf7 Bxf7 14.
Rxd8+ Bxd8 15. Qf3 Ra7 16. Qf5 Kg8 17. Bd3 g6 18. Qg4 h5 19. Qf4 Nc6 20. Be4 Ra8
21. Rd1 Be8 22. Qg3 Kh7 23. Rd5 Kh6 24. Rd6 Rg8 25. f4 Be7 26. Re6 Nd4 27. Bxb7
Nxe6 28. Bxa8 Nxf4 29. Kb1 Rf8 30. Qe3 Bg5 31. h4 Bxh4 32. g3 Bg5 33. gxf4 Rxf4
34. Qe1 Bb5 35. Bg2 Bf6 1/2-1/2